Pokémon PWT : Maitres de Ligue - Statistiques

Statistiques générales
  • Ce quiz a été pris 185 fois
  • Le résultat moyen est 29 sur 42
Statistiques - réponses
Hint Réponse % Correct
Red Dracaufeu
99%
Red Tortank
97%
Peter Dracolosse
96%
Red Florizarre
96%
Red Pikachu
96%
Pierre Rochard Metalosse
95%
Cynthia Carchacrok
94%
Cynthia Spiritomb
94%
Marc Milobellus
91%
Blue Leviator
88%
Red Ronflex
88%
Cynthia Roserade
85%
Peter Drattak
81%
Red Lokhlass
79%
Goyah Pyrax
79%
Pierre Rochard Armaldo
78%
Blue Ptera
77%
Cynthia Togekiss
77%
Peter Tranchodon
77%
Pierre Rochard Vacilys
77%
Peter Hyporoi
76%
Cynthia Lucario
76%
Blue Noadkoko
74%
Peter Trioxhydre
74%
Blue Arcanin
73%
Pierre Rochard Galeking
73%
Peter Libégon
72%
Blue Alakazam
68%
Marc Ludicolo
55%
Blue Mackogneur
53%
Marc Kaimorse
47%
Goyah Gueriaigle
44%
Marc Sharpedo
42%
Cynthia Givrali
38%
Goyah Bétochef
37%
Marc Laggron
35%
Goyah Lugulabre
35%
Marc Staross
35%
Goyah Crocorible
32%
Pierre Rochard Aeropteryx
31%
Pierre Rochard Minotaupe
31%
Goyah Symbios
29%
Aucun quiz correspondant
Distribution des résultats
% des personnes avec chaque résultat
Percentile par nombre de réponses
Votre historique - résultats
Vous n’avez pas pris ce quiz